| 000 | 00486nam a2200145 i 4500 | ||
|---|---|---|---|
| 001 | 102069 | ||
| 003 | ES-MaACL | ||
| 007 | t| | ||
| 008 | 051103s1912 sp ||||1| spa d | ||
| 110 | 2 |
_aSociedad Española contra el Ganado Híbrido. _96706 |
|
| 245 | 1 | 0 |
_aMemoria de la Sociedad Española contra el Ganado Híbrido _b: años 1909, 1910 y 1911. |
| 260 |
_aMadrid : _b[s.n.], _c1912 ( _fImp. Viuda y Sobrino de J. Corrales) |
||
| 300 |
_a44 p. ; _c24 cm. |
||
| 852 |
_aES-MaACL _jG-10645 |
||
| 999 |
_c102069 _d102069 |
||